Central Library OPAC University of Rajshahi

Charlesworth's mercantile law / (Record no. 4615)

MARC details
000 -LEADER
fixed length control field 01094cam a2200337 4500
001 - CONTROL NUMBER
control field 4615
003 - CONTROL NUMBER IDENTIFIER
rucl marc code BD-RjUL
005 - DATE AND TIME OF LATEST TRANSACTION
control field 20211208233925.0
008 - FIXED-LENGTH DATA ELEMENTS--GENERAL INFORMATION
fixed length control field 131223s1972 enk b 001 0 eng
020 ## - INTERNATIONAL STANDARD BOOK NUMBER
International Standard Book Number 0420429301
-- 0420429409 (pbk)
035 ## - SYSTEM CONTROL NUMBER
System control number (BD-RjUL)4650
040 ## - CATALOGING SOURCE
Original cataloging agency DLC
Transcribing agency DLC
Modifying agency DLC
-- BD-RjUL
Language of cataloging eng
041 ## - LANGUAGE CODE
Language code of text/sound track or separate title eng
082 00 - DEWEY DECIMAL CLASSIFICATION NUMBER
Classification number 346.4207
Edition number 19
Author mark and year CHM 1972
100 1# - MAIN ENTRY--PERSONAL NAME
Personal name Charlesworth, J.
Fuller form of name (John),
Dates associated with a name 1893-1957.
9 (RLIN) 13779
245 10 - TITLE STATEMENT
Title Charlesworth's mercantile law /
Statement of responsibility, etc. Clive M Schmitthoff.
250 ## - EDITION STATEMENT
Edition statement 12th ed.,
260 ## - PUBLICATION, DISTRIBUTION, ETC. (IMPRINT)
Place of publication, distribution, etc. London :
Name of publisher, distributor, etc. Stevens,
Date of publication, distribution, etc. 1972.
300 ## - PHYSICAL DESCRIPTION
Pagination xlix, 485 p. ;
Size 23 cm.
350 ## - PRICE (NR) (BK AM CF MU VM SE) [OBSOLETE]
Price £2.00
500 ## - GENERAL NOTE
General note Original ed. published 1929 under title: Principles of mercantile law.
504 ## - BIBLIOGRAPHY, ETC. NOTE
Bibliography, etc Includes bibliographies.
650 #0 - SUBJECT ADDED ENTRY--TOPICAL TERM
Topical term or geographic name as entry element Commercial law
Geographic subdivision Great Britain.
9 (RLIN) 13788
700 1# - ADDED ENTRY--PERSONAL NAME
Personal name Schmitthoff, Clive M.
Fuller form of name (Clive Macmillan),
Dates associated with a name 1903-1990,
Relator term ed.
Personal name Sarre, David Anthony Godwin,
Relator term ed.
942 ## - ADDED ENTRY ELEMENTS (KOHA)
Source of classification or shelving scheme Dewey Decimal Classification
Koha item type Books
Holdings
Lost status Source of classification or shelving scheme Damaged status Not for loan Permanent Location Current Location Shelving location Date acquired Source of acquisition Cost, normal purchase price Total Checkouts Full call number Date last seen Copy number Koha item type Collection code
  Dewey Decimal Classification     Central Library, University of Rajshahi Central Library, University of Rajshahi   23/12/2013 Britain 0.00   346.4207 CHM 1972 23/12/2013 C-3 Books  
  Dewey Decimal Classification     Central Library, University of Rajshahi Central Library, University of Rajshahi   10/02/1973 Britain     346.4207 CHM 1972 01/08/2016 C-2 Books Non-fiction
  Dewey Decimal Classification     Central Library, University of Rajshahi Central Library, University of Rajshahi   10/02/1973 Britain     346.4207 CHM 1972 01/08/2016 C-4 Books Non-fiction
  Dewey Decimal Classification     Central Library, University of Rajshahi Central Library, University of Rajshahi   10/02/1973 Britain     346.4207 CHM 1972 01/08/2016 C-5 Books Non-fiction
  Dewey Decimal Classification     Central Library, University of Rajshahi Central Library, University of Rajshahi   10/02/1973 Britain     346.4207 CHM 1972 01/08/2016 C-6 Books Non-fiction
  Dewey Decimal Classification     Central Library, University of Rajshahi Central Library, University of Rajshahi   10/02/1973 Britain     346.4207 CHM 1972 01/08/2016 C-7 Books Non-fiction
  Dewey Decimal Classification     Central Library, University of Rajshahi Central Library, University of Rajshahi   10/02/1973 Britain     346.4207 CHM 1972 01/08/2016 C-8 Books Non-fiction
  Dewey Decimal Classification     Central Library, University of Rajshahi Central Library, University of Rajshahi   10/02/1973 Britain     346.4207 CHM 1972 01/08/2016 C-9 Books Non-fiction
  Dewey Decimal Classification     Central Library, University of Rajshahi Central Library, University of Rajshahi   10/02/1973 Britain     346.4207 CHM 1972 01/08/2016 C-10 Books Non-fiction
  Dewey Decimal Classification   Not For Loan Central Library, University of Rajshahi Central Library, University of Rajshahi Reading Room 03/02/1973 Britain     346.4207 CHM 1972 01/08/2016 C-1 Books Non-fiction